00291nam a2200121Ia 4500008004100000100001900041245002700060260003000087300000900117650001900126942000700145999001700152190216s9999||||xx |||||||||||||| ||und|| aSubrahmanyam.N 0aHistory Of Thamil Nadu bA.V.Chand & Companyc1996 a356p aIndian History cBK c19788d19788